| 000 | 01282cam a22003617a 4500 | ||
|---|---|---|---|
| 003 | CHAP | ||
| 005 | 20220329135130.0 | ||
| 008 | 971013s1943 r 00010 d | ||
| 010 | _a31425 | ||
| 011 | _a32397 | ||
| 035 | _a36512 | ||
| 040 | _cCHAP | ||
| 090 | _aTesis | ||
| 100 | 0 | 0 |
_aMartínez, Ponciano Sebastián. _972698 |
| 245 | 0 | _aEstudio y planeación de la distribución local de aguas en la Unidad No. 4. del Distrito de Riego de "El Lerma" Gto. | |
| 260 |
_aChapingo, Méx. : _bEl autor, _c1943 |
||
| 300 |
_a85 h. _b: ilus |
||
| 502 | _aTesis (Ing. Agr. Esp. en Irrigación) -- ENA | ||
| 590 |
_aALEPH _b10 _c20130110 _lUCH01 _h1253 |
||
| 590 |
_aBATCH-UPD _b10 _c20130109 _lUCH01 _h2317 |
||
| 590 |
_aBATCH-UPD _b10 _c20130110 _lUCH01 _h0144 |
||
| 590 |
_aBATCH-UPD _b10 _c20130409 _lUCH01 _h1838 |
||
| 590 |
_aBATCH-UPD _b10 _c20130409 _lUCH01 _h2143 |
||
| 590 |
_aBATCH-UPD _b10 _c20130410 _lUCH01 _h1616 |
||
| 590 |
_aBATCH-UPD _b10 _c20130913 _lUCH01 _h2240 |
||
| 590 |
_aBATCH-UPD _b10 _c20130914 _lUCH01 _h1737 |
||
| 590 |
_aCONVERSION _b10 _c20130109 _lUCH01 _h1318 |
||
| 650 | 1 | 4 |
_aAgua _xDistribución _xGuanajuato. _92367 |
| 650 | 1 | 4 |
_aDistrito de Riego Alto Río Lerma, Gto. y Mich. _932841 |
| 901 | _aBK | ||
| 942 | _cTESIS | ||
| 949 |
_bBC _cTES _d-84205 _eTS1 _i36512 _si |
||
| 999 |
_c31425 _d31425 |
||